Επιστημονικές εμπειρίες ενός ευρωπαίου διανοουμένου στην Αμερική
Αποθηκεύτηκε σε:
| Κύριος συγγραφέας: | |
|---|---|
| Άλλοι συγγραφείς: | |
| Μορφή: | Βιβλίο |
| Γλώσσα: | Greek English |
| Δημοσίευση: |
Αθήνα :
Ύψιλον/βιβλία,
1987.
|
| Σειρά: | Ύψιλον/βιβλία ;
11 |
| Θέματα: | |
| Ετικέτες: |
Προσθήκη ετικέτας
Δεν υπάρχουν, Καταχωρήστε ετικέτα πρώτοι!
|
MARC
| LEADER | 00000cam a2200000 i 4500 | ||
|---|---|---|---|
| 001 | 1/13679 | ||
| 008 | 960909s1987 gr | ||| |||| ||gre|| | ||
| 035 | |a 1992 |b 1 |c Χιωτάκης |l 10019134 | ||
| 040 | |a GR-MyUA |b gre |e AACR2 | ||
| 041 | 1 | |a gre |h eng | |
| 082 | 0 | |a 305.552314 | |
| 100 | 1 | |a Adorno, Theodor W., |d 1903-1969. | |
| 245 | 1 | 0 | |a Επιστημονικές εμπειρίες ενός ευρωπαίου διανοουμένου στην Αμερική / |c Τεοντόρ Αντόρνο ; μετάφραση Βάσω Γκιντή. |
| 260 | |a Αθήνα : |b Ύψιλον/βιβλία, |c 1987. | ||
| 300 | |a 63 σ. | ||
| 490 | 1 | |a (Υψιλον/βιβλία |v ; 11) | |
| 500 | |a Τίτλος πρωτοτύπου: Scientific experiences of a european scholar in America. | ||
| 600 | 1 | 0 | |a Adorno, Theodor W., |d 1903-1969. |
| 650 | 0 | 0 | |a Intellectuals. |
| 700 | 1 | |a Γκιντή, Βάσω, |e trlf | |
| 830 | 0 | |a Ύψιλον/βιβλία ; |v 11 | |
| 852 | |a INST |b LESVOS |e 19980316 |h 305.552314 ADO |p 005100014796 |q 005100014796 |t BK |y 0 | ||
| 852 | |a INST |b RHODES |e 19960909 |h 305.552314 ADO |p 005400008133 |q 005400008133 |t BK |y 0 | ||
| 901 | |a BIBL-1998-2 | ||
| 909 | |a Λ |b 054075 | ||
| 909 | |a Ρ |b 021914 | ||
| 922 | |a 1ΕΛΗ |b 199802 |c ΚΠΣ/ΤΚ |d EMVASIS | ||
| 950 | |a 103-1998-02-03 | ||